| 000 | 00749nam a2200229Ia 4500 | ||
|---|---|---|---|
| 001 | 16061 | ||
| 003 | GE_BSU | ||
| 008 | 181216s||||||||xx |||||||||||||| ||und|| | ||
| 040 | _cGE_BSU | ||
| 080 | _a821.353.1-32 | ||
| 100 | _aჯავახიშვილი, დავით | ||
| 245 | _aკეთილი იმედის კონცხი | ||
| 245 | _bმოთხრობა | ||
| 245 | _cრედ.ტ.ჭანტურია. მხ. ო.ჯიშკარიანი | ||
| 260 | _aთბილისი | ||
| 260 | _bნაკადული | ||
| 260 | _c1967 | ||
| 300 | _a129გვ. ; 16სმ. | ||
| 653 | _aკეთილი იმედის კონცხი | ||
| 653 | _aმოთხრობა | ||
| 942 | _cBK | ||
| 999 |
_c49151 _d49151 |
||